20 Biggest cities in Mexico - Statistics

General Stats
  • This quiz has been taken 46 times
  • The average score is 11 of 20
Answer Stats
Hint Answer % Correct
1 Mexico City
100%
6 Guadalajara
98%
2 Tijuana
95%
7 Monterrey
93%
13 Cancun
85%
8 Ciudad Juarez
78%
5 Puebla
75%
4 Leon
73%
10 Merida
60%
14 Chihuahua
48%
20 Chihuahua
48%
18 Aguascalientes
45%
17 Mexicali
45%
3 Ecatepec
43%
16 Hermosillo
38%
19 Culiacan
28%
15 Saltillo
28%
12 Naucalpan
8%
9 Zapopan
8%
11 Ciudad Netzahualcoyotl
3%
No matching quizzes found
Score Distribution
Percent of People with Each Score
Percentile by Number Answered
Your Score History
You have not taken this quiz